Barcelona Starting XI 2026 - Statistics

General Stats
  • This quiz has been taken 58 times
  • The average score is 9 of 11
Answer Stats
Hint Answer % Correct
CM Pedri
96%
GK Joan Garcia
90%
LW Raphinha
86%
LW Yamal
86%
CB Eric Garcia
84%
RB Kounde
84%
LB Balde
80%
ST Lewandowski/Feran
80%
CB Cubarsi
76%
Cm De Jong
69%
CAM/AM Fermin
61%
No matching quizzes found
Score Distribution
Percent of People with Each Score
Percentile by Number Answered
Your Score History
You have not taken this quiz